International whaling statistics 87 and 88
Na minha lista:
| Formato: | Livro |
|---|---|
| Idioma: | inglês |
| Publicado em: |
Sandefjord
Comittee for Whaling Statistics
1981
|
| Tags: |
Sem tags, seja o primeiro a adicionar uma tag!
|
MARC
| LEADER | 00000nam a2200000 4500 | ||
|---|---|---|---|
| 001 | c134731 | ||
| 005 | 20251203080805.2 | ||
| 041 | 0 | |a eng | |
| 044 | |a GB | ||
| 245 | 1 | 0 | |a International whaling statistics 87 and 88 |
| 264 | 1 | |a Sandefjord |b Comittee for Whaling Statistics |c 1981 | |
| 300 | |a 63 s. | ||